Best-selling PC games - Statistics

General Stats
  • This quiz has been taken 1,231 times
  • The average score is 7 of 43
Answer Stats
Copies sold Release date Game % Correct
12 million November 19, 2011 Minecraft
59%
20 million November 23, 2004 World of Warcraft
56%
9.3 million November 19, 1998 Half-Life
53%
4.2 million June 19, 1999 Counter-Strike
49%
12 million November 16, 2004 Half-Life 2
42%
11 million March 31, 1998 StarCraft
37%
16 million February 4, 2000 The Sims
36%
2.5 million December 31, 1996 Diablo
34%
4 million June 29, 2000 Diablo II
28%
12 million May 15, 2012 Diablo III
28%
20 million September 14, 2004 The Sims 2
28%
6 million July 27, 2010 StarCraft II: Wings of Liberty
25%
10 million June 2, 2009 The Sims 3
25%
4 million April 19, 2011 Portal 2
24%
7.4 million July 3, 2002 Warcraft III: Reign of Chaos
21%
3 million October 15, 1997 Age of Empires
15%
3.5 million August 3, 2004 Doom 3
13%
11 million June 21, 2005 Battlefield 2
12%
2.1 million November 1, 2004 Counter-Strike Source
12%
3 million October 25, 2005 Civilization IV
9%
6.5 million April 28, 2005 Guild Wars
9%
2.5 million March 23, 2004 Far Cry
8%
2.1 million October 26, 2007 The Witcher
8%
3 million November 13, 2007 Crysis
7%
2.5 million October 18, 2005 Age of Empires III
6%
3.5 million March 16, 1999 EverQuest
6%
3.5 million August 28, 2012 Guild Wars 2
6%
6 million September 24, 1993 Myst
6%
4 million March 31, 1999 RollerCoaster Tycoon
6%
3 million October 31, 1996 Command & Conquer Red Alert
5%
2.2 million May 17, 2011 The Witcher 2
5%
2.4 million September 10, 2002 Battlefield 1942
3%
4.5 million October 29, 1997 Riven
3%
5 million January 31, 1999 SimCity 3000
3%
2.9 million March 23, 2004 Counter-Strike Condition Zero
2%
2.5 million September 24, 1998 Anno 1602
1%
4 million April 24, 2001 Cossacks: European Wars
1%
4 million June 5, 1989 Populous
1%
3.5 million 1994 Theme Park
1%
4 million September 20, 2004 Warhammer 40,000: Dawn of War
1%
2.5 million March 23, 2003 Anno 1503
0%
2.5 million April 15, 2005 Cossacks II: Napoleonic Wars
0%
4 million June 1, 1985 Where in the World Is Carmen Sandiego?
0%
No matching quizzes found
Score Distribution
Percent of People with Each Score
Percentile by Number Answered
Your Score History
You have not taken this quiz